000
00343nam a22001457a 4500
008
210609b ||||| |||| 00| 0 eng d
020
_a
0387974407
041
_a
eng
080
_a
610
082
_a
610
100
_a
4
101
_a
SHM
245
_a
Corneal Angiogenesis A Comprehensive Critical Review
_c
Klintworth,G.K
942
_2
udc
_c
BK
999
_c
58094
_d
58094